000 00439nam a2200181Ia 4500
001 3396
005 20260306145640.0
008 260306t2008||||xx |||||||||||||| ||spa||
041 _aESP
082 _a272
_bM81
100 _aMoliné, Enrique
_eAUT
245 0 _aLos padres de la iglesia:
_buna guía introductoria
260 _c2008
300 _a476 páginas :
_c24 cm.
650 _aGEN
654 _aCHU
942 _cLIB
_dJUS
_fJUS
_2ddc
_n
999 _c3396
_d3396